Advanced financial accounting (Record no. 156841)

MARC details
000 -LEADER
fixed length control field 00464nam a22001697a 4500
005 - DATE AND TIME OF LATEST TRANSACTION
control field 20180901143850.0
010 ## - LCCN (DPL NO)
LC control number B-079246
020 ## - INTERNATIONAL STANDARD BOOK NUMBER
International Standard Book Number 9171981550
035 ## - SYSTEM CONTROL NUMBER
System control number B-079246
037 ## - SOURCE OF ACQUISITION
Source of stock number/acquisition K.L. Malik & Sons Pvt. Ltd.
082 ## - DEWEY DECIMAL CLASSIFICATION NUMBER
Classification number 657.48
100 ## - MAIN ENTRY--PERSONAL NAME
Personal name Mongra, J.R.
245 ## - TITLE STATEMENT
Title Advanced financial accounting
Statement of responsibility, etc J.R. Monga
260 ## - PUBLICATION, DISTRIBUTION, ETC. (IMPRINT)
Place of publication, distribution, etc New Delhi
Name of publisher, distributor, etc K.L. Malik & Sons Pvt. Ltd.
300 ## - PHYSICAL DESCRIPTION
Extent 1696p.
Dimensions 23cm(pbk)
942 ## - ADDED ENTRY ELEMENTS (KOHA)
Source of classification or shelving scheme Dewey Decimal Classification
Item type English Books
Classification part 657.48
Call number suffix MON
Holdings
Withdrawn status Lost status Not for loan Collection code Home library Current library Date acquired Full call number Barcode Koha item type
      Non-fiction Sarojini Nagar Sarojini Nagar 01/09/2018 657.48 MON B-079246 English Books

© Delhi Public Library
Hit Counter
free hit counter